| 000 -ლიდერი |
| ფიქსირებული სიგრძის საკონტროლო ველი |
01305nam a22002297a 4500 |
| 003 - საკონტროლო ნომრის იდენტიფიკატორი |
| საკონტროლო ველი |
Ge_BSU |
| 005 - ბოლო ოპერაციის თარიღი და დრო |
| საკონტროლო ველი |
20210316124525.0 |
| 008 - ფიქსირებული სიგრძის მონაცემთა ელემენტები - ზოგადი ინფორმაცია |
| ფიქსირებული სიგრძის საკონტროლო ველი |
210315s2020 ge ||||| |||| 00| 0 geo d |
| 020 ## - წიგნის საერთაშორისო სტანდარტული ნომერი |
| International Standard Book Number |
9789941468940 |
| 041 ## - ენის კოდი |
| Language code of text/sound track or separate title |
geo |
| 080 ## - უნივერსალური ათობითი კლასიფიკაციის ინდექსი |
| Universal Decimal Classification number |
008(495)''01/04'' + 94(495)''01/04'(=14'01) + 821.353.1.09 + 930.2(479.22) ბ-66 |
| 245 ## - ცნობა სათაურის შესახებ |
| Title |
ბიზანტინოლოგია საქართველოში - 4: |
| Remainder of title |
ეძღვნება წმიდა ექვთიმე ღვთისკაცის (თაყაიშვილის) ხსოვნას / |
| Statement of responsibility, etc |
რედაქტორები ნელი მახარაძე, თინა დოლიძე. |
| 264 ## - წარმოების, გამოცემის, დისტრიბუციის და სხვა ცნობები |
| გამოცემის, წარმოების, დისტრიბუციის... ადგილი |
თბილისი : |
| გამოცემის, წარმოების, დისტრიბუციის... სახელწოდება |
ლოგოსი, |
| გამოცემის, წარმოების, დისტრიბუციის... თარიღი |
2020. |
| 300 ## - ფიზიკური აღწერა |
| Extent |
646 გვ. : |
| Other physical details |
სურ., |
| Dimensions |
23 სმ. |
| 500 ## - ზოგადი შენიშვნა |
| General note |
პარალ. სათაური ბერძნ. და ინგლ. ენ. |
| 501 ## - შენიშვნა თანმხლებ მასალაზე |
| With note |
საძიებელი გვ.618-646 |
| 653 ## - INDEX TERM--UNCONTROLLED |
| Uncontrolled term |
ბიზანტინოლოგია |
| 653 ## - INDEX TERM--UNCONTROLLED |
| Uncontrolled term |
ექვთიმე ღვთისკაცი თაყაიშვილი |
| 700 ## - ADDED ENTRY--PERSONAL NAME |
| Personal name |
მახარაძე, ნელი |
| Relator term |
რედაქტორი |
| 9 (RLIN) |
10460 |
| 700 ## - ADDED ENTRY--PERSONAL NAME |
| Personal name |
დოლიძე, თინა |
| Relator term |
რედაქტორი |
| 9 (RLIN) |
5529 |
| 942 ## - ADDED ENTRY ELEMENTS (KOHA) |
| Source of classification or shelving scheme |
|
| Koha item type |
წიგნი |